Nalaganje...
أثر الإختلاف في القواعد الأصولية
| Glavni avtor: | |
|---|---|
| Format: | Printed Book |
| Jezik: | Arabic |
| LEADER | 00403nam a22001097a 4500 | ||
|---|---|---|---|
| 008 | 160831b xxu||||| |||| 00| 0 ara d | ||
| 082 | |a 250 | ||
| 100 | |a مصطفي سعيد الخن | ||
| 245 | |a أثر الإختلاف في القواعد الأصولية | ||
| 942 | |c BK | ||
| 999 | |c 177345 |d 177345 | ||
| 952 | |0 0 |1 0 |4 0 |6 250_000000000000000 |7 0 |9 196570 |a ARA |b ARA |c ST1 |d 2018-02-17 |i 754 |l 0 |o 250 |p ARA754 |r 2018-02-17 |w 2018-02-17 |y BK | ||